Social Psychology:Tenth Edition/ (Record no. 175505)

MARC details
000 -LEADER
fixed length control field 00825nam a22002297a 4500
005 - DATE AND TIME OF LATEST TRANSACTION
control field 20200930124009.0
010 ## - LCCN (DPL NO)
LC control number ENG-128386
020 ## - INTERNATIONAL STANDARD BOOK NUMBER
Terms of availability 630.00
International Standard Book Number 9789353943455
035 ## - SYSTEM CONTROL NUMBER
System control number EN-111918
037 ## - SOURCE OF ACQUISITION
Source of stock number/acquisition DBAD/PUB
082 ## - DEWEY DECIMAL CLASSIFICATION NUMBER
Classification number 302
100 ## - MAIN ENTRY--PERSONAL NAME
Personal name Aronson, Elliot
245 ## - TITLE STATEMENT
Title Social Psychology:Tenth Edition/
Statement of responsibility, etc by Eliot Aronson, Timothy D.Wilson, Robin M. Akert, Samuel R. Sommers Veena Tucker
260 ## - PUBLICATION, DISTRIBUTION, ETC. (IMPRINT)
Place of publication, distribution, etc Noida
Name of publisher, distributor, etc Pearson
Date of publication, distribution, etc 2021
270 ## - ADDRESS
Address 15th floor,Tower-B,Word Trade Tower,Plot no.1,Block-C sec 16,
City Noida
Postal code 201301
Telephone number 04466540100
Electronic mail address companysecretary.india@pearson.com
300 ## - PHYSICAL DESCRIPTION
Extent xxvi;668p.
Dimensions 25.5cm(pbk)
Other physical details pictures tables, illustrations
700 ## - ADDED ENTRY--PERSONAL NAME
Personal name Wilson, Timothy D.
700 ## - ADDED ENTRY--PERSONAL NAME
Personal name Akert, Robin M.
700 ## - ADDED ENTRY--PERSONAL NAME
Personal name Sommers, Samuel R.
700 ## - ADDED ENTRY--PERSONAL NAME
Personal name Tucker, Veena
942 ## - ADDED ENTRY ELEMENTS (KOHA)
Source of classification or shelving scheme Dewey Decimal Classification
Item type English Books
Classification part 302
Call number suffix ARO
Holdings
Withdrawn status Lost status Not for loan Collection code Home library Current library Date acquired Source of acquisition Cost, normal purchase price Full call number Barcode Cost, replacement price Koha item type
      Non-fiction Andrews Gunj Andrews Gunj 07/09/2020 DBAD 630.00 302 ARO EN-111918 630.00 English Books

© Delhi Public Library
Hit Counter
free hit counter